Đo lường mối quan hệ giữa rủi ro và tỷ suất lợi nhuận của các cổ phiếu niêm yết trên Sở giao dịch chứng khoán Thành phố Hồ Chí Minh : Luận văn Thạc sĩ Kinh tế. Chuyên ngành Tài chính Ngân hàng

Phân tích tình hình sinh lợi của các cổ phiếu niêm yết, mối quan hệ giữa rủi ro và tỷ suất lợi nhuận của các cổ phiếu niêm yết trên Sở giao dịch chứng khoán thành phố Hồ Chí Minh

Tallennettuna:
Bibliografiset tiedot
Päätekijä: Nguyễn, Thị Đào
Aineistotyyppi: Kirja
Kieli:Undetermined
Julkaistu: Cần Thơ Trường Đại học Cần Thơ 2017
Aiheet:
Tagit: Lisää tagi
Ei tageja, Lisää ensimmäinen tagi!
Thư viện lưu trữ: Trung tâm Học liệu Trường Đại học Cần Thơ
LEADER 01200nam a2200205Ia 4500
001 CTU_224084
008 210402s9999 xx 000 0 und d
082 |a 332.6322 
082 |b Đ108 
088 |a 60340201 
100 |a Nguyễn, Thị Đào 
245 0 |a Đo lường mối quan hệ giữa rủi ro và tỷ suất lợi nhuận của các cổ phiếu niêm yết trên Sở giao dịch chứng khoán Thành phố Hồ Chí Minh : 
245 0 |b Luận văn Thạc sĩ Kinh tế. Chuyên ngành Tài chính Ngân hàng 
245 0 |c Nguyễn Thị Đào ; Võ Thành Danh (Cán bộ hướng dẫn) 
260 |a Cần Thơ 
260 |b Trường Đại học Cần Thơ 
260 |c 2017 
520 |a Phân tích tình hình sinh lợi của các cổ phiếu niêm yết, mối quan hệ giữa rủi ro và tỷ suất lợi nhuận của các cổ phiếu niêm yết trên Sở giao dịch chứng khoán thành phố Hồ Chí Minh 
650 |a Thị trường chứng khoán,Stock exchanges 
980 |a Trung tâm Học liệu Trường Đại học Cần Thơ